[Event "Charlotte CCCSA Holiday IM"]
[Site "Charlotte"]
[Date "2021.12.22"]
[Round "8"]
[White "Rosenberg, Evan"]
[Black "Francisco, Richard"]
[Result "0-1"]
[WhiteElo "2099"]
[BlackElo "2249"]
[PlyCount "62"]
[EventDate "2021.12.19"]
[EventType "tourn"]
[EventRounds "9"]
[EventCountry "USA"]
[SourceTitle "CBM 205 Extra"]
[Source "ChessBase"]
[SourceDate "2022.01.31"]
[SourceVersion "1"]
[SourceVersionDate "2022.01.31"]
[SourceQuality "1"]

1. Nf3 c5 2. c4 g6 3. Nc3 Bg7 4. d4 cxd4 5. Nxd4 Nc6 6. e3 Nf6 7. Be2 0-0 8. 0-0 Nxd4 9. Qxd4 d6 10. Qh4 Be6 11. Rd1 Rc8 12. Rb1 a6 13. a4 Qa5 14. Bd2 Qc7 15. b3 d5 16. Nxd5 Nxd5 17. cxd5 Bxd5 18. b4 Bf6 19. Qh6 Qe5 20. Qh3 Be4 21. f4 Qb8 22. Rbc1 Bc2 23. Rf1 Rfd8 24. Be1 Bxa4 25. Bf2 Rxc1 26. Rxc1 Qd6 27. Qf3 Bc6 28. e4 Qxb4 29. Bc4 Bb2 30. Rc2 Bd4 31. Bf1 Bxe4 0-1

[Event "Charlotte CCCSA Holiday IM"]
[Site "Charlotte"]
[Date "2021.12.19"]
[Round "2"]
[White "Myers, Dominique"]
[Black "Francisco, Richard"]
[Result "1-0"]
[WhiteElo "2038"]
[BlackElo "2249"]
[PlyCount "153"]
[EventDate "2021.12.19"]
[EventType "tourn"]
[EventRounds "9"]
[EventCountry "USA"]
[SourceTitle "CBM 205 Extra"]
[Source "ChessBase"]
[SourceDate "2022.01.31"]
[SourceVersion "1"]
[SourceVersionDate "2022.01.31"]
[SourceQuality "1"]

1. e4 c5 2. Nf3 d6 3. d4 cxd4 4. Nxd4 Nf6 5. Nc3 a6 6. Be2 e6 7. 0-0 Be7 8. Be3 0-0 9. a4 Nc6 10. Kh1 Qc7 11. f4 Bd7 12. Qe1 e5 13. fxe5 Nxe5 14. Qg3 Kh8 15. Rad1 Rac8 16. Nf5 Bxf5 17. Rxf5 Qa5 18. Bd4 Nfd7 19. Rh5 Rfe8 20. Rf5 Bf8 21. Bh5 Re7 22. Nd5 Rxc2 23. Nxe7 Bxe7 24. Rxf7 Bf6 25. Bc3 Rxc3 26. Qxc3 Qxc3 27. bxc3 Nxf7 28. Bxf7 Be5 29. Rb1 Nc5 30. Bd5 Bxc3 31. Bxb7 g5 32. Bc6 Kg7 33. Rf1 h6 34. g3 a5 35. Kg2 Bf6 36. Kf3 h5 37. Ke3 h4 38. gxh4 gxh4 39. Rf5 Kf7 40. Rh5 Kg6 41. Be8+ Kg7 42. Kf3 Kf8 43. Bc6 Kg7 44. Kg4 Kg6 45. Be8+ Kg7 46. Kf5 Nb3 47. Ke6 Be5 48. Rxe5 dxe5 49. Kxe5 Nd2 50. Kf4 Kf6 51. Bb5 Ke6 52. h3 Kf6 53. Bd3 Nb3 54. e5+ Ke7 55. Kg5 Nd2 56. Kf4 Nb3 57. Kf5 Nc5 58. Bb5 Nb3 59. Kg5 Nd4 60. Kxh4 Nxb5 61. axb5 a4 62. b6 a3 63. b7 a2 64. b8Q a1Q 65. Qd6+ Ke8 66. Qe6+ Kf8 67. Qf6+ Ke8 68. Kh5 Qd1+ 69. Kh6 Qd2+ 70. Qg5 Qh2 71. h4 Qa2 72. Qg6+ Kf8 73. e6 Ke7 74. Qg7+ Kd6 75. e7 Qd2+ 76. Qg5 Qe2 77. e8Q 1-0

[Event "Titled Tuesday intern op 22nd Dec"]
[Site "Chess.com INT"]
[Date "2020.12.22"]
[Round "10"]
[White "Francisco, Richard"]
[Black "Kabanova, Ekaterina"]
[Result "0-1"]
[WhiteElo "2249"]
[BlackElo "2138"]
[PlyCount "114"]
[EventDate "2020.12.22"]
[EventType "swiss (blitz)"]
[EventRounds "11"]
[EventCountry "USA"]
[SourceTitle "CBM 199 Extra"]
[Source "ChessBase"]
[SourceDate "2021.01.31"]
[SourceVersion "1"]
[SourceVersionDate "2021.01.31"]
[SourceQuality "1"]

1. e4 c5 2. Nf3 e6 3. d3 a6 4. g3 b5 5. Bg2 Bb7 6. 0-0 Be7 7. Re1 h5 8. h4 Nf6 9. Nbd2 Ng4 10. Nf1 Nc6 11. Ne3 Nf6 12. c3 Qc7 13. e5 Ng4 14. d4 f6 15. Nxg4 hxg4 16. Nh2 f5 17. Bf4 cxd4 18. cxd4 Nb4 19. Rc1 Qb6 20. a3 Bxg2 21. Kxg2 Qb7+ 22. Kg1 Nd5 23. Qd2 Kf7 24. Bg5 Rh5 25. Bxe7 Nxe7 26. Rc5 g5 27. Rec1 Rc8 28. Rxc8 Nxc8 29. hxg5 Ne7 30. f3 gxf3 31. Rf1 Qd5 32. Nxf3 Ng6 33. Qg2 Qe4 34. Re1 Qd3 35. Qe2 Qb3 36. Rc1 Qd5 37. Rc6 Qxc6 38. Kf2 Qd5 39. Qe3 Qe4 40. Qd2 Rh8 41. Qb4 Ne7 42. Qd6 Qc2+ 43. Ke3 Qc6 44. Qb4 Qe4+ 45. Kf2 f4 46. g6+ Kxg6 47. Qd2 Qe3+ 48. Qxe3 fxe3+ 49. Kxe3 Nf5+ 50. Ke4 Rh3 51. Kf4 Rxg3 52. Nh4+ Kh5 53. Nxf5 Rg4+ 54. Kf3 exf5 55. d5 Kg5 56. e6 dxe6 57. dxe6 Re4 0-1

[Event "Titled Tuesday intern op 22nd Dec"]
[Site "Chess.com INT"]
[Date "2020.12.22"]
[Round "9"]
[White "Francisco, Richard"]
[Black "Langner, Ladislav"]
[Result "1-0"]
[WhiteElo "2249"]
[BlackElo "2380"]
[PlyCount "135"]
[EventDate "2020.12.22"]
[EventType "swiss (blitz)"]
[EventRounds "11"]
[EventCountry "USA"]
[SourceTitle "CBM 199 Extra"]
[Source "ChessBase"]
[SourceDate "2021.01.31"]
[SourceVersion "1"]
[SourceVersionDate "2021.01.31"]
[SourceQuality "1"]

1. e4 c5 2. Nf3 e6 3. d3 Nc6 4. g3 d5 5. Nbd2 Bd6 6. Bg2 Nge7 7. 0-0 d4 8. Re1 e5 9. Nf1 0-0 10. h4 h6 11. N1h2 Be6 12. g4 Qd7 13. g5 h5 14. Nd2 g6 15. Nc4 b5 16. Nxd6 Qxd6 17. f4 exf4 18. Rf1 Ne5 19. Bxf4 N7c6 20. Bg3 Kg7 21. Rf6 c4 22. a3 Qc5 23. Qe2 Rae8 24. Raf1 cxd3 25. cxd3 Bb3 26. R1f2 Qc1+ 27. Bf1 Qd1 28. Nf3 Ng4 29. Rxc6 Nxf2 30. Bxf2 Rc8 31. Bxd4+ Kg8 32. Rxc8 Rxc8 33. Qxd1 Bxd1 34. Kf2 Rc2+ 35. Ke3 a5 36. Nd2 Bg4 37. Bg2 b4 38. axb4 axb4 39. e5 Kf8 40. Bd5 Rc1 41. Ne4 Re1+ 42. Kd2 Rh1 43. Bc5+ Kg7 44. Bxb4 Rxh4 45. Bc3 Rh2+ 46. Ke3 Kf8 47. b4 Rc2 48. b5 h4 49. b6 Bc8 50. Bb4+ Kg7 51. b7 Bxb7 52. Bxb7 h3 53. Nf6 h2 54. d4 Rb2 55. Bg2 Rxb4 56. Kf2 Rb2+ 57. Kg3 Rc2 58. Kxh2 Rd2 59. d5 Re2 60. Ne4 Rd2 61. d6 Rd5 62. Kg3 Rxe5 63. Kf4 Rd5 64. Bh3 Rd4 65. d7 Rd5 66. Nf6 Rd6 67. Ke5 Rd3 68. Nd5 1-0

[Event "Titled Tuesday intern op 22nd Dec"]
[Site "Chess.com INT"]
[Date "2020.12.22"]
[Round "1"]
[White "Francisco, Richard"]
[Black "Mamedyarov, Shakhriyar"]
[Result "0-1"]
[WhiteElo "2249"]
[BlackElo "2770"]
[PlyCount "44"]
[EventDate "2020.12.22"]
[EventType "swiss (blitz)"]
[EventRounds "11"]
[EventCountry "USA"]
[SourceTitle "CBM 199 Extra"]
[Source "ChessBase"]
[SourceDate "2021.01.31"]
[SourceVersion "1"]
[SourceVersionDate "2021.01.31"]
[SourceQuality "1"]

1. e4 c6 2. d4 d5 3. e5 Bf5 4. h4 a6 5. g4 Bd7 6. h5 c5 7. c3 Nc6 8. f4 Nh6 9. f5 e6 10. Bxh6 gxh6 11. f6 Rg8 12. Bh3 cxd4 13. cxd4 Qb6 14. Nf3 Qxb2 15. Nbd2 Nxd4 16. 0-0 Bb5 17. Rb1 Qc3 18. Rc1 Qe3+ 19. Rf2 Ne2+ 20. Kg2 Nf4+ 21. Kg3 Nxh5+ 22. Kg2 Nf4+ 0-1

[Event "Charlotte CCCSA Fall IM"]
[Site "Charlotte"]
[Date "2020.09.30"]
[Round "1"]
[White "Francisco, Richard"]
[Black "Li, Eric"]
[Result "1/2-1/2"]
[WhiteElo "2303"]
[BlackElo "2334"]
[PlyCount "152"]
[EventDate "2020.09.30"]
[EventType "tourn"]
[EventRounds "9"]
[EventCountry "USA"]
[EventCategory "3"]
[SourceTitle "CBM 198 Extra"]
[Source "ChessBase"]
[SourceDate "2020.11.30"]
[SourceVersion "1"]
[SourceVersionDate "2020.11.30"]
[SourceQuality "1"]

1. c4 e5 2. g3 Nf6 3. Bg2 c6 4. d4 e4 5. Nc3 d5 6. Bg5 Bb4 7. Rc1 0-0 8. cxd5 cxd5 9. Nh3 h6 10. Bxf6 Qxf6 11. Nf4 Be6 12. 0-0 Bxc3 13. Rxc3 Nc6 14. e3 Rad8 15. f3 exf3 16. Bxf3 Qe7 17. Qa4 g5 18. Nd3 Bd7 19. Nc5 Be8 20. Qc2 Rd6 21. Qg2 b6 22. Nb3 Qd8 23. Rfc1 Kg7 24. a3 Rh8 25. Nd2 a5 26. Be2 Bd7 27. Nf3 Re8 28. Bb5 Ne7 29. Bxd7 Qxd7 30. Rf1 Ng6 31. Qc2 Qe6 32. Ne1 Re7 33. Ng2 Nf8 34. Qf5 Qxf5 35. Rxf5 Kg6 36. Rf2 Nh7 37. Rfc2 Nf6 38. Rc6 Rxc6 39. Rxc6 Re6 40. Rc7 Ne8 41. Rc2 Nd6 42. b3 Rf6 43. Ne1 Re6 44. Kf2 Nf5 45. Ng2 Rf6 46. Ke1 Kh5 47. Rf2 Kg4 48. Ke2 Re6 49. Kd3 Nd6 50. Ne1 f6 51. Rc2 Nf5 52. Re2 h5 53. e4 Ne7 54. e5 fxe5 55. Rxe5 Rxe5 56. dxe5 Nc6 57. e6 Kf5 58. Nf3 Kf6 59. h3 g4 60. hxg4 hxg4 61. Nh2 Ne5+ 62. Ke3 Kxe6 63. Kf4 Nd3+ 64. Kxg4 Nc1 65. b4 axb4 66. axb4 Na2 67. b5 Nc3 68. Kf4 Nxb5 69. Nf3 Nc7 70. g4 Kd6 71. g5 Ne6+ 72. Kf5 b5 73. g6 b4 74. Nd2 Ke7 75. Ke5 Nc7 76. Nb3 Ne8 1/2-1/2

[Event "Charlotte CCCSA Summer IM"]
[Site "Charlotte"]
[Date "2020.08.22"]
[Round "6"]
[White "Liang, Jason"]
[Black "Francisco, Richard"]
[Result "1/2-1/2"]
[WhiteElo "2340"]
[BlackElo "2293"]
[PlyCount "201"]
[EventDate "2020.08.19"]
[EventType "tourn"]
[EventRounds "9"]
[EventCountry "USA"]
[EventCategory "4"]
[SourceTitle "CBM 197 Extra"]
[Source "ChessBase"]
[SourceDate "2020.09.30"]
[SourceVersion "1"]
[SourceVersionDate "2020.09.30"]
[SourceQuality "1"]

1. d4 Nf6 2. Bf4 e6 3. e3 b6 4. Qf3 Nc6 5. Nc3 Bb4 6. Nge2 Nd5 7. a3 Nxf4 8. Qxf4 Bd6 9. Qg4 0-0 10. 0-0-0 Bb7 11. Ng3 f5 12. Qh5 g6 13. Qh6 Qf6 14. Be2 Nd8 15. Qh3 Nf7 16. f4 Be7 17. Bf3 d5 18. Nge2 Nd6 19. g4 Nc4 20. gxf5 gxf5 21. Rdg1+ Kh8 22. Rg5 Rg8 23. Rhg1 Bc6 24. Bh5 Rxg5 25. fxg5 Qg7 26. g6 Bd6 27. gxh7 Qxh7 28. Nf4 Bxf4 29. exf4 Rg8 30. Rxg8+ Kxg8 31. Qg3+ Qg7 32. Be2 Nd6 33. Kd2 Be8 34. Qxg7+ Kxg7 35. b4 Kh6 36. Ke3 Bh5 37. Bd3 Kg6 38. Nb5 Nxb5 39. Bxb5 Kf6 40. Kf2 Bf7 41. Kg3 Kg6 42. Kh4 Kh6 43. Kg3 Kg7 44. Be2 Be8 45. c4 dxc4 46. Bxc4 Kf6 47. Kf2 Bh5 48. Ke3 c6 49. Kf2 Bd1 50. Kg3 Bh5 51. Bb3 Be2 52. Ba4 b5 53. Bb3 Bd3 54. Bd1 Be4 55. Kh4 Kg6 56. Bh5+ Kh6 57. Be8 Bd5 58. Kg3 Kg7 59. Kf2 Kf8 60. Bh5 Ke7 61. Bd1 Be4 62. Bb3 Bd5 63. Bc2 Bc4 64. Bd1 Bd5 65. a4 a6 66. a5 Kf6 67. Kg3 Be4 68. Kh4 Bd5 69. Kh5 c5 70. dxc5 e5 71. fxe5+ Kxe5 72. Kg5 f4 73. Kg4 Be6+ 74. Kf3 Bh3 75. Kf2 Kd4 76. c6 Kc3 77. Bh5 Kxb4 78. Be8 Kxa5 79. Bd7 Kb6 80. Bxh3 Kxc6 81. Kf3 Kd6 82. Kxf4 Ke7 83. Ke5 Kf7 84. Bc8 a5 85. Kd4 Kg7 86. Kc5 b4 87. Be6 Kh8 88. Kb5 b3 89. Bxb3 a4 90. Bxa4 Kh7 91. Kc5 Kh8 92. Kd6 Kh7 93. Ke6 Kh8 94. Kf6 Kh7 95. h4 Kg8 96. h5 Kh8 97. h6 Kh7 98. Kg5 Kh8 99. Kg6 Kg8 100. h7+ Kh8 101. Kh6 1/2-1/2

[Event "Charlotte CCCSA Summer IM"]
[Site "Charlotte"]
[Date "2020.08.20"]
[Round "3"]
[White "Shlyakhtenko, Robert"]
[Black "Francisco, Richard"]
[Result "0-1"]
[WhiteElo "2343"]
[BlackElo "2293"]
[PlyCount "120"]
[EventDate "2020.08.19"]
[EventType "tourn"]
[EventRounds "9"]
[EventCountry "USA"]
[EventCategory "4"]
[SourceTitle "CBM 197 Extra"]
[Source "ChessBase"]
[SourceDate "2020.09.30"]
[SourceVersion "1"]
[SourceVersionDate "2020.09.30"]
[SourceQuality "1"]

1. d4 Nf6 2. Nf3 e6 3. Bf4 b6 4. Nbd2 Bb7 5. e3 g6 6. Bd3 Bg7 7. 0-0 0-0 8. Qe2 d6 9. e4 Nh5 10. Bg5 f6 11. Be3 e5 12. dxe5 dxe5 13. a4 a5 14. Rad1 Qe7 15. Nb1 Na6 16. Nc3 Nb4 17. Bc4+ Kh8 18. Nd5 Nxd5 19. Bxd5 Ba6 20. Bc4 Bb7 21. Bd5 Ba6 22. c4 Rad8 23. Qc2 c5 24. Kh1 Rd6 25. Qc1 Rfd8 26. g4 Nf4 27. Bxf4 exf4 28. Rde1 g5 29. Rg1 h5 30. gxh5 Qe8 31. e5 Rxd5 32. cxd5 Qxh5 33. Qc3 Bb7 34. Rg2 Bxd5 35. Rd1 fxe5 36. Kg1 Bf6 37. Rxg5 Qh6 38. h4 Bxf3 39. Rxd8+ Bxd8 40. Qxe5+ Qf6 41. Qe8+ Kh7 42. Qd7+ Kh6 43. Qd3 Bh5 44. Qd5 Bf7 45. Qe4 Qe6 46. Re5 Qg6+ 47. Qxg6+ Kxg6 48. Kg2 Bxh4 49. Kf3 Bf6 50. Re1 Kf5 51. Ke2 Bb3 52. Ra1 c4 53. Rh1 Bxb2 54. Rh5+ Kg6 55. Rd5 c3 56. Rd6+ Kf5 57. Rxb6 c2 58. Rb5+ Ke6 59. Rb6+ Kd7 60. Rb7+ Kc8 0-1

[Event "Charlotte CCCSA Summer IM"]
[Site "Charlotte"]
[Date "2020.08.19"]
[Round "1"]
[White "Paul, Justin"]
[Black "Francisco, Richard"]
[Result "1-0"]
[WhiteElo "2231"]
[BlackElo "2293"]
[PlyCount "119"]
[EventDate "2020.08.19"]
[EventType "tourn"]
[EventRounds "9"]
[EventCountry "USA"]
[EventCategory "4"]
[SourceTitle "CBM 197 Extra"]
[Source "ChessBase"]
[SourceDate "2020.09.30"]
[SourceVersion "1"]
[SourceVersionDate "2020.09.30"]
[SourceQuality "1"]

1. e4 e5 2. Nf3 Nc6 3. Bb5 Nf6 4. d3 Bc5 5. Bxc6 dxc6 6. Qe2 Nd7 7. Nbd2 f6 8. Nh4 g6 9. Nc4 Nf8 10. Be3 Qe7 11. c3 Ne6 12. g3 b6 13. 0-0-0 Bxe3+ 14. Qxe3 Ba6 15. f4 exf4 16. gxf4 Qc5 17. Qxc5 Nxc5 18. b3 0-0-0 19. Kc2 Rhe8 20. f5 Rg8 21. Rhg1 gxf5 22. Rxg8 Rxg8 23. Nxf5 Kd7 24. Ng3 Ke6 25. Rd2 Bxc4 26. bxc4 Nb7 27. Rf2 Nd6 28. Nh5 Ne8 29. Ng3 Rg5 30. Rf4 h5 31. Rh4 Ng7 32. d4 Kf7 33. d5 Kg6 34. Kd3 Re5 35. Ne2 c5 36. Ng1 Rg5 37. Nh3 Re5 38. Ng1 Rg5 39. Nh3 Re5 40. Rf4 f5 41. exf5+ Nxf5 42. Rf3 Ng7 43. Rf8 Re8 44. Nf4+ Kh6 45. Rf7 Rc8 46. h4 Ne8 47. Rf5 Ng7 48. Rf7 Ne8 49. Rf8 Kg7 50. Ne6+ Kg6 51. Nxc7 Rxc7 52. Rxe8 Kf5 53. Rg8 Kf4 54. Rf8+ Kg4 55. Rf6 Kxh4 56. Rg6 Kh3 57. d6 Rf7 58. Ke4 h4 59. Ke5 Kh2 60. Ke4 1-0

[Event "Charlotte CCCSA Holiday IM"]
[Site "Charlotte"]
[Date "2019.12.27"]
[Round "2"]
[White "Andrianov, Nikolai Ivanovich"]
[Black "Francisco, Richard"]
[Result "1/2-1/2"]
[WhiteElo "2417"]
[BlackElo "2281"]
[PlyCount "126"]
[EventDate "2019.12.26"]
[EventType "tourn"]
[EventRounds "9"]
[EventCountry "USA"]
[EventCategory "3"]
[SourceTitle "CBM 194 Extra"]
[Source "ChessBase"]
[SourceDate "2020.03.31"]
[SourceVersion "1"]
[SourceVersionDate "2020.03.31"]
[SourceQuality "1"]

1. Nf3 Nf6 2. b3 g6 3. Bb2 Bg7 4. g3 c5 5. c4 b6 6. Bg2 Bb7 7. 0-0 0-0 8. Nc3 Nc6 9. d4 cxd4 10. Nxd4 Rc8 11. Rc1 d6 12. Nc2 Qd7 13. e4 Rfd8 14. Ne3 e6 15. Qd2 a6 16. Rfd1 Ba8 17. Qe2 Qa7 18. Rd2 b5 19. Rcd1 Ne8 20. cxb5 Nd4 21. Qd3 axb5 22. Nxb5 Nxb5 23. Bxg7 Kxg7 24. Qxb5 Rc5 25. Qd3 Bb7 26. a4 Ba6 27. Qd4+ e5 28. Qb2 Rdc8 29. b4 Rc3 30. Nd5 R3c4 31. a5 Rb8 32. Rc2 Rxc2 33. Qxc2 Rc8 34. Qb2 Bb5 35. Bf3 Qa6 36. h4 h5 37. Nc3 Bc4 38. Ra1 Nc7 39. Qd2 Ne6 40. Kg2 Nd4 41. Bd1 Bf1+ 42. Kh2 Qc6 43. Nd5 Qd7 44. Ne3 Qh3+ 45. Kg1 Rc2 46. Qxc2 Nxc2 47. Bxc2 Ba6 48. Bb3 f5 49. Rc1 f4 50. Rc7+ Kh8 51. b5 fxg3 52. fxg3 Qxg3+ 53. Ng2 Bxb5 54. Rc8+ Kg7 55. Rc7+ Kf8 56. Bd5 Be2 57. Rf7+ Ke8 58. Rf2 Ba6 59. Rf6 Ke7 60. Rf7+ Kd8 61. Rf8+ Ke7 62. Rf7+ Ke8 63. Rf6 Ke7 1/2-1/2

[Event "Charlotte CCCSA Holiday IM"]
[Site "Charlotte"]
[Date "2019.12.26"]
[Round "1"]
[White "Francisco, Richard"]
[Black "Diulger, Alexey"]
[Result "0-1"]
[WhiteElo "2281"]
[BlackElo "2291"]
[PlyCount "110"]
[EventDate "2019.12.26"]
[EventType "tourn"]
[EventRounds "9"]
[EventCountry "USA"]
[EventCategory "3"]
[SourceTitle "CBM 194 Extra"]
[Source "ChessBase"]
[SourceDate "2020.03.31"]
[SourceVersion "1"]
[SourceVersionDate "2020.03.31"]
[SourceQuality "1"]

1. c4 f5 2. g3 Nf6 3. Bg2 g6 4. Nc3 Bg7 5. Nh3 e5 6. d4 exd4 7. Qxd4 Nc6 8. Qe3+ Qe7 9. Qxe7+ Kxe7 10. 0-0 d6 11. Nf4 Nb4 12. a3 Na6 13. Rb1 c6 14. b4 Bd7 15. Bb2 Rad8 16. Rfd1 Rhe8 17. Rd2 g5 18. Nd3 Be6 19. b5 Nb8 20. bxc6 bxc6 21. Nb4 Rc8 22. e4 Bxc4 23. exf5 d5 24. Nc2 Kf7 25. Nd4 g4 26. Ne6 Bh6 27. Rd4 Nbd7 28. Bc1 Bxc1 29. Rxc1 Nf8 30. Nf4 Re5 31. h3 h5 32. Nxh5 Nxh5 33. hxg4 Ng7 34. f4 Re3 35. Kf2 Rce8 36. Rxc4 dxc4 37. Bxc6 Rd3 38. Ne4 Rb8 39. Rc2 Rb6 40. Ba4 Rxa3 41. Rxc4 Rb2+ 42. Ke1 Nd7 43. Bc2 Ne8 44. Kd2 Nef6 45. Kc1 Rb6 46. Nxf6 Nxf6 47. g5 Nd5 48. g4 Rc3 49. g6+ Kf8 50. Rxc3 Nxc3 51. Kd2 Nd5 52. g5 Nxf4 53. f6 Ne6 54. g7+ Kg8 55. g6 Ng5 0-1

[Event "Charlotte CCCSA Fall IM"]
[Site "Charlotte"]
[Date "2019.12.01"]
[Round "8"]
[White "Francisco, Richard"]
[Black "Drozdowski, Kacper"]
[Result "0-1"]
[WhiteElo "2281"]
[BlackElo "2467"]
[PlyCount "67"]
[EventDate "2019.11.27"]
[EventType "tourn"]
[EventRounds "9"]
[EventCountry "USA"]
[EventCategory "4"]
[SourceTitle "CBM 193 Extra"]
[Source "ChessBase"]
[SourceDate "2020.01.31"]
[SourceVersion "1"]
[SourceVersionDate "2020.01.31"]
[SourceQuality "1"]

1. Nf3 e6 2. d4 d5 3. c4 c6 4. Qc2 dxc4 5. Qxc4 b5 6. Qc2 Bb7 7. g3 Nd7 8. a3 c5 9. dxc5 Bxc5 10. Bg2 Rc8 11. Nc3 Ngf6 12. 0-0 0-0 13. b4 Bxf3 14. Bxf3 Bd4 15. Bb2 Ne5 16. Rac1 Qb6 17. Bg2 Bxf2+ 18. Rxf2 Nfg4 19. e3 Qxe3 20. Bf1 Rfd8 21. Kg2 Nxf2 22. Qxf2 Rd2 23. Ne2 Qe4+ 24. Kg1 Rxc1 25. Bxc1 Rd1 26. Qxa7 h5 27. Qe3 Qc6 28. Qc5 Qb7 29. Qc2 Qd5 30. h3 Nf3+ 31. Kf2 Ne1 32. Qc8+ Kh7 33. Kg1 Qf3 34. Nf4 0-1

[Event "Charlotte CCCSA Summer IM-A"]
[Site "Charlotte"]
[Date "2019.06.08"]
[Round "7"]
[White "Kumar, Nikhil"]
[Black "Francisco, Richard"]
[Result "0-1"]
[WhiteElo "2257"]
[BlackElo "2236"]
[PlyCount "146"]
[EventDate "2019.06.05"]
[EventType "tourn"]
[EventRounds "9"]
[EventCountry "USA"]
[EventCategory "3"]
[SourceTitle "CBM 190 Extra"]
[Source "ChessBase"]
[SourceDate "2019.07.15"]
[SourceVersion "1"]
[SourceVersionDate "2019.07.15"]
[SourceQuality "1"]

1. d4 Nf6 2. c4 e6 3. g3 Bb4+ 4. Bd2 Qe7 5. Bg2 Nc6 6. Nf3 Bxd2+ 7. Qxd2 Ne4 8. Qc2 Qb4+ 9. Nbd2 Nxd2 10. Qxd2 Qxc4 11. 0-0 Qb4 12. Qd3 d5 13. Rfc1 f5 14. Rc5 a6 15. a3 Qb6 16. b4 0-0 17. Rac1 Bd7 18. Qe3 Rac8 19. Qf4 Ne7 20. h4 c6 21. Qd6 Qd8 22. R5c3 Ng6 23. h5 Qe7 24. Qc5 Qxc5 25. bxc5 Nh8 26. Ne5 Rc7 27. Rb1 Nf7 28. Nxd7 Rxd7 29. f4 Re8 30. Rcb3 Ree7 31. Bf3 g6 32. hxg6 hxg6 33. e3 Nd8 34. Kf2 Rh7 35. Bg2 Rc7 36. Ke2 Kf7 37. Kd3 Rh2 38. R3b2 Ke8 39. Kc3 Rch7 40. Kb4 Kd7 41. a4 Kc8 42. a5 Nf7 43. Kc3 Nd8 44. Kd3 Rg7 45. Bf1 Rxb2 46. Rxb2 Rh7 47. Bg2 Rh2 48. Rf2 Nf7 49. Ke2 g5 50. Ke1 Kc7 51. Kf1 Rh7 52. Kg1 Nh6 53. Bf3 Nf7 54. Rh2 Rxh2 55. Kxh2 g4 56. Be2 Kd7 57. Kg2 Nh6 58. Kf2 Ng8 59. Bd3 Nf6 60. Ke2 Ne8 61. Kd2 Nc7 62. Kc3 Kc8 63. Be2 Ne8 64. Kd2 Nf6 65. Bd3 Nh5 66. Ke2 Nxg3+ 67. Kf2 Nh5 68. Kg2 Kd7 69. Kf2 Ke7 70. Be2 Kf6 71. Bd3 Kg6 72. Kg2 Nf6 73. Kg3 Kh5 0-1

[Event "Charlotte CCCSA Spring IM"]
[Site "Charlotte"]
[Date "2019.03.22"]
[Round "5"]
[White "Ezra, Paul Chambers"]
[Black "Francisco, Richard"]
[Result "0-1"]
[WhiteElo "2334"]
[BlackElo "2231"]
[PlyCount "142"]
[EventDate "2019.03.20"]
[EventType "tourn"]
[EventRounds "9"]
[EventCountry "USA"]
[EventCategory "2"]
[SourceTitle "CBM 189 Extra"]
[Source "ChessBase"]
[SourceDate "2019.06.03"]
[SourceVersion "1"]
[SourceVersionDate "2019.06.03"]
[SourceQuality "1"]

1. e4 c5 2. Nf3 Nc6 3. d4 cxd4 4. Nxd4 g6 5. c4 Bg7 6. Be3 Nf6 7. Nc3 0-0 8. Be2 b6 9. 0-0 Bb7 10. f3 Qb8 11. Qd2 Rd8 12. Rad1 d6 13. Rfe1 Rd7 14. Bf1 Qf8 15. b3 Rad8 16. g3 e6 17. Qf2 Ne5 18. Bh3 Re7 19. Na4 d5 20. exd5 exd5 21. c5 Ba6 22. cxb6 axb6 23. Bf1 Bxf1 24. Kxf1 b5 25. Nc3 b4 26. Na4 Rde8 27. Qd2 Rc7 28. Rc1 Rxc1 29. Rxc1 Qe7 30. Bf2 Qd7 31. Kg2 Bf8 32. Nc5 Qa7 33. Na4 Qa8 34. Rc7 Bd6 35. Rc1 h5 36. h3 Bf8 37. g4 hxg4 38. hxg4 Qb7 39. Bh4 Bg7 40. Re1 Ned7 41. Rxe8+ Nxe8 42. Nc2 Bf8 43. Be1 Ne5 44. Qe2 f6 45. Nd4 Nc7 46. f4 Nc6 47. Ne6 d4 48. Nxf8 Kxf8 49. Nc5 Qa8 50. Kg3 Qe8 51. Qd2 Qe7 52. Nd3 Nd5 53. Bf2 Nc3 54. Kh2 Qe4 55. Bh4 Kf7 56. Bf2 Qf3 57. g5 Ne4 58. Qc2 Nxf2 59. Nxf2 Qxf4+ 60. Kh3 Qf3+ 61. Kh2 Qf4+ 62. Kh3 Qf5+ 63. Qxf5 gxf5 64. gxf6 Ne5 65. Kg3 Kxf6 66. Kf4 Ke6 67. Kg5 Nf3+ 68. Kf4 Ne1 69. Nd1 Nd3+ 70. Kf3 Ke5 71. Ke2 Ke4 0-1